[Event "CRO-chT1B 30th"]
[Site "Porec"]
[Date "2022.09.28"]
[Round "5.14"]
[White "Petrov, Jole"]
[Black "Bubalovic, Davorin"]
[Result "1/2-1/2"]
[WhiteElo "2370"]
[BlackElo "2201"]
[PlyCount "92"]
[EventDate "2022.09.24"]
[EventType "team-tourn"]
[EventRounds "9"]
[EventCountry "CRO"]
[SourceTitle "CBM 210 Extra"]
[Source "ChessBase"]
[SourceDate "2022.11.30"]
[SourceVersion "1"]
[SourceVersionDate "2022.11.30"]
[SourceQuality "1"]
[WhiteTeam "Rijeka Rijeka"]
[BlackTeam "Vinkovci"]
[WhiteTeamCountry "CRO"]
[BlackTeamCountry "CRO"]

1. Nf3 Nf6 2. c4 g6 3. g3 Bg7 4. Bg2 c6 5. d4 0-0 6. 0-0 d5 7. b3 Bf5 8. Bb2 a5 9. Nc3 Ne4 10. e3 Nxc3 11. Bxc3 Be4 12. Qe2 Nd7 13. Rfc1 e6 14. Bf1 Bxf3 15. Qxf3 f5 16. a3 Nf6 17. b4 Ne4 18. Be1 axb4 19. axb4 g5 20. Qd1 g4 21. h4 gxh3 22. Rxa8 Qxa8 23. Bxh3 Qd8 24. cxd5 cxd5 25. b5 Rf7 26. Qc2 Bf8 27. Bf1 Bd6 28. b6 Qxb6 29. Qc8+ Bf8 30. Bd3 Kg7 31. Kg2 Nf6 32. Qa8 Qb3 33. Bb1 Ng4 34. Qc8 Qb6 35. Bd3 Nf6 36. Bd2 Ne4 37. Be1 Nf6 38. Bd2 Qb2 39. Rc2 Qb3 40. Rc3 Qb6 41. Rc1 Rd7 42. Rh1 Qc7 43. Qa8 Bd6 44. Qa7 Qb8 45. Qb6 Qc7 46. Qa7 Qb8 1/2-1/2

[Event "CRO-chT1B 30th"]
[Site "Porec"]
[Date "2022.09.24"]
[Round "1.34"]
[White "Vojak, Daniel"]
[Black "Bubalovic, Davorin"]
[Result "1-0"]
[WhiteElo "2300"]
[BlackElo "2201"]
[PlyCount "60"]
[EventDate "2022.09.24"]
[EventType "team-tourn"]
[EventRounds "9"]
[EventCountry "CRO"]
[SourceTitle "CBM 210 Extra"]
[Source "ChessBase"]
[SourceDate "2022.11.30"]
[SourceVersion "1"]
[SourceVersionDate "2022.11.30"]
[SourceQuality "1"]
[WhiteTeam "Sveta Nedelja"]
[BlackTeam "Vinkovci"]
[WhiteTeamCountry "CRO"]
[BlackTeamCountry "CRO"]

1. e4 c5 2. Nf3 e6 3. d4 cxd4 4. Nxd4 a6 5. Nc3 Qc7 6. f4 b5 7. Bd3 Bb7 8. a3 Nf6 9. Qe2 Be7 10. Bd2 Nc6 11. Nxc6 dxc6 12. a4 0-0 13. 0-0 g6 14. e5 Nd7 15. Ne4 Nc5 16. Nxc5 Bxc5+ 17. Be3 Qb6 18. Bxc5 Qxc5+ 19. Qf2 Qxf2+ 20. Kxf2 Rfd8 21. Rfd1 Rd4 22. Ke3 Rad8 23. c3 R4d5 24. Be2 f6 25. Rxd5 Rxd5 26. axb5 fxe5 27. bxa6 exf4+ 28. Kxf4 Ba8 29. Rd1 Kf7 30. Rxd5 exd5 1-0

[Event "Brno IM 10th"]
[Site "Brno"]
[Date "2021.11.26"]
[Round "7"]
[White "Kusa, Jakub"]
[Black "Bubalovic, Davorin"]
[Result "1-0"]
[WhiteElo "2326"]
[BlackElo "2230"]
[PlyCount "117"]
[EventDate "2021.11.21"]
[EventType "tourn"]
[EventRounds "9"]
[EventCountry "CZE"]
[EventCategory "3"]
[SourceTitle "CBM 205 Extra"]
[Source "ChessBase"]
[SourceDate "2022.01.31"]
[SourceVersion "1"]
[SourceVersionDate "2022.01.31"]
[SourceQuality "1"]

1. d4 d5 2. Nf3 Nf6 3. c4 e6 4. g3 Be7 5. Bg2 0-0 6. 0-0 dxc4 7. Qc2 Bd7 8. Qxc4 Bc6 9. Bf4 Nbd7 10. Nc3 Bd6 11. Rac1 Qe7 12. Rfd1 h6 13. Ne5 Bxg2 14. Kxg2 c6 15. Nxd7 Qxd7 16. Be5 Be7 17. e4 Rfd8 18. f3 Rac8 19. b4 b5 20. Qb3 Qb7 21. Bxf6 Bxf6 22. Ne2 Qb6 23. e5 Be7 24. Rd3 a5 25. bxa5 Qxa5 26. Rdc3 c5 27. dxc5 Rd2 28. R1c2 Rxc2 29. Qxc2 b4 30. Rc4 Rxc5 31. Rxc5 Bxc5 32. Qc4 Ba7 33. f4 Qb6 34. Nc1 Qg1+ 35. Kh3 Qd1 36. Nb3 Bg1 37. Kg2 Qe1 38. Qf1 Qxf1+ 39. Kxf1 Bb6 40. Nc1 Bd4 41. Nd3 Bc3 42. Ke2 g5 43. Kd1 g4 44. Nf2 h5 45. Ne4 Bd4 46. Nf6+ Kg7 47. Nxh5+ Kg6 48. Nf6 Kf5 49. Ke2 Bb6 50. Ne8 Bd4 51. Nd6+ Kg6 52. Ne4 Kf5 53. Nd6+ Kg6 54. Nc4 f6 55. exf6 Bxf6 56. Ne3 Kh5 57. Kd3 Bg7 58. Ke4 Bc3 59. f5 1-0

[Event "Brno IM 10th"]
[Site "Brno"]
[Date "2021.11.25"]
[Round "6"]
[White "Bubalovic, Davorin"]
[Black "Finek, Vaclav"]
[Result "1/2-1/2"]
[WhiteElo "2230"]
[BlackElo "2413"]
[PlyCount "43"]
[EventDate "2021.11.21"]
[EventType "tourn"]
[EventRounds "9"]
[EventCountry "CZE"]
[EventCategory "3"]
[SourceTitle "CBM 205 Extra"]
[Source "ChessBase"]
[SourceDate "2022.01.31"]
[SourceVersion "1"]
[SourceVersionDate "2022.01.31"]
[SourceQuality "1"]

1. e4 c5 2. Nf3 e6 3. d4 cxd4 4. Nxd4 Nc6 5. Nc3 Qc7 6. Be2 a6 7. 0-0 Nf6 8. Be3 Bb4 9. Nxc6 bxc6 10. Na4 Be7 11. Nb6 Rb8 12. Nxc8 Qxc8 13. Bd4 c5 14. Be5 Rb6 15. Qd3 d6 16. Bc3 0-0 17. Rad1 d5 18. exd5 Nxd5 19. b3 c4 20. bxc4 Nxc3 21. Qxc3 Qc5 22. Rb1 1/2-1/2

[Event "Brno IM 10th"]
[Site "Brno"]
[Date "2021.11.22"]
[Round "2"]
[White "Bubalovic, Davorin"]
[Black "Sabuk, Piotr"]
[Result "1/2-1/2"]
[WhiteElo "2230"]
[BlackElo "2398"]
[PlyCount "59"]
[EventDate "2021.11.21"]
[EventType "tourn"]
[EventRounds "9"]
[EventCountry "CZE"]
[EventCategory "3"]
[SourceTitle "CBM 205 Extra"]
[Source "ChessBase"]
[SourceDate "2022.01.31"]
[SourceVersion "1"]
[SourceVersionDate "2022.01.31"]
[SourceQuality "1"]

1. e4 e5 2. Nf3 Nc6 3. Bc4 Nf6 4. d3 h6 5. 0-0 d6 6. c3 g6 7. a4 Bg7 8. Re1 0-0 9. Nbd2 a6 10. Ba2 Re8 11. Nf1 d5 12. exd5 Nxd5 13. Ng3 Be6 14. Bd2 Nb6 15. Bxe6 Rxe6 16. a5 Nd7 17. d4 Re8 18. d5 Ne7 19. c4 Nc8 20. Qc2 Nd6 21. Bb4 f5 22. c5 Nf7 23. c6 bxc6 24. dxc6 Nf6 25. Rad1 Qb8 26. Bc3 Qb5 27. Nh4 Nh8 28. Nf3 Nf7 29. Nh4 Nh8 30. Nf3 1/2-1/2

[Event "Prague op"]
[Site "Prague"]
[Date "2020.02.19"]
[Round "6"]
[White "Bellia, Fabrizio"]
[Black "Bubalovic, Davorin"]
[Result "1-0"]
[WhiteElo "2428"]
[BlackElo "2216"]
[PlyCount "64"]
[EventDate "2020.02.14"]
[EventType "swiss"]
[EventRounds "9"]
[EventCountry "CZE"]
[SourceTitle "CBM 195 Extra"]
[Source "ChessBase"]
[SourceDate "2020.05.31"]
[SourceVersion "1"]
[SourceVersionDate "2020.05.31"]
[SourceQuality "1"]

1. e4 e5 2. Nf3 Nc6 3. Bb5 a6 4. Ba4 b5 5. Bb3 g6 6. c3 Bg7 7. d4 exd4 8. cxd4 Nge7 9. 0-0 0-0 10. Nc3 d6 11. h3 Na5 12. Bc2 c5 13. d5 Nc4 14. Rb1 Re8 15. Re1 Ra7 16. Ne2 f5 17. Nf4 fxe4 18. Bxe4 Nf5 19. Ne6 Bxe6 20. dxe6 Nb6 21. Bxf5 gxf5 22. Bg5 Qc8 23. Qxd6 Nc4 24. Qd5 h6 25. Bh4 Nxb2 26. e7+ Kh8 27. Rxb2 Bxb2 28. Ne5 Bxe5 29. Qxe5+ Kh7 30. Qf6 Raxe7 31. Rxe7+ Rxe7 32. Qxe7+ Kg8 1-0

[Event "Prague op"]
[Site "Prague"]
[Date "2020.02.17"]
[Round "4"]
[White "Bubalovic, Davorin"]
[Black "Souleidis, Georgios"]
[Result "0-1"]
[WhiteElo "2216"]
[BlackElo "2414"]
[PlyCount "48"]
[EventDate "2020.02.14"]
[EventType "swiss"]
[EventRounds "9"]
[EventCountry "CZE"]
[SourceTitle "CBM 195 Extra"]
[Source "ChessBase"]
[SourceDate "2020.05.31"]
[SourceVersion "1"]
[SourceVersionDate "2020.05.31"]
[SourceQuality "1"]

1. e4 c6 2. d4 d5 3. Nc3 dxe4 4. Nxe4 Nf6 5. Nxf6+ exf6 6. c3 Bd6 7. Nf3 0-0 8. Be2 Re8 9. 0-0 Bg4 10. Be3 Nd7 11. h3 Bh5 12. c4 f5 13. Re1 Nf6 14. Bg5 Bb4 15. Bd2 Bxd2 16. Qxd2 Ne4 17. Qd3 Qb6 18. b3 Rad8 19. Rad1 Qa5 20. a4 g6 21. Kf1 Qb4 22. Ng1 Nc5 23. Qg3 Nxb3 24. Qd3 Rxd4 0-1

[Event "Lisbon Portugal op"]
[Site "Lisbon"]
[Date "2019.02.07"]
[Round "6"]
[White "Bubalovic, Davorin"]
[Black "Dvirnyy, Danyyil"]
[Result "0-1"]
[WhiteElo "2249"]
[BlackElo "2487"]
[PlyCount "98"]
[EventDate "2019.02.02"]
[EventType "swiss"]
[EventRounds "9"]
[EventCountry "POR"]
[SourceTitle "CBM 188 Extra"]
[Source "ChessBase"]
[SourceDate "2019.02.26"]
[SourceVersion "1"]
[SourceVersionDate "2019.02.26"]
[SourceQuality "1"]

1. e4 c5 2. Nf3 d6 3. d4 cxd4 4. Nxd4 Nf6 5. Nc3 a6 6. Bg5 Nbd7 7. Qd2 e6 8. f3 Qc7 9. a4 Be7 10. a5 0-0 11. Be2 Re8 12. 0-0 Bf8 13. Kh1 d5 14. exd5 Nxd5 15. Nxd5 exd5 16. Bf4 Ne5 17. Rfe1 Bd6 18. Bd3 Bd7 19. Bg3 h5 20. Bf5 Nc4 21. Bxd6 Qxd6 22. Qg5 Re5 23. f4 Rxe1+ 24. Rxe1 Re8 25. Rxe8+ Bxe8 26. c3 Nxa5 27. Bd3 g6 28. f5 Nc6 29. fxg6 fxg6 30. Nxc6 Qxc6 31. Qe5 a5 32. Kg1 Bf7 33. Kf1 Qb6 34. Qe2 Qd6 35. g3 d4 36. cxd4 Qxd4 37. Ke1 Kg7 38. Kd1 b5 39. Kc1 b4 40. Bc2 Qc5 41. Kd2 Qd4+ 42. Kc1 h4 43. gxh4 Qf4+ 44. Kd1 Qxh4 45. Qd2 Be6 46. Kc1 Qc4 47. Qg5 Bf5 48. Qe7+ Kh6 49. Qe3+ g5 0-1

[Event "Zadar op-A 24th"]
[Site "Zadar"]
[Date "2017.12.13"]
[Round "6"]
[White "Bubalovic, Davorin"]
[Black "Morgunov, Marc"]
[Result "0-1"]
[WhiteElo "2237"]
[BlackElo "2133"]
[PlyCount "94"]
[EventDate "2017.12.09"]
[EventType "swiss"]
[EventRounds "9"]
[EventCountry "CRO"]
[SourceTitle "CBM 182 Extra"]
[Source "ChessBase"]
[SourceDate "2018.02.23"]
[SourceVersion "1"]
[SourceVersionDate "2018.02.23"]
[SourceQuality "1"]

1. e4 c5 2. Nf3 a6 3. c4 Nc6 4. d4 cxd4 5. Nxd4 e5 6. Nc2 Bc5 7. Be2 Nf6 8. Nc3 h6 9. 0-0 d6 10. Qd3 0-0 11. Be3 Bxe3 12. Qxe3 Qc7 13. Rac1 Be6 14. Nd5 Bxd5 15. cxd5 Ne7 16. Na3 Qd8 17. Nc4 Nc8 18. b4 Kh7 19. Rc2 g6 20. Rfc1 Ne8 21. Na5 Qd7 22. h3 h5 23. g4 hxg4 24. hxg4 Kg7 25. Kg2 Rh8 26. Rf1 f6 27. Rcc1 g5 28. Rh1 Ne7 29. Rxh8 Kxh8 30. Qb6 Ng6 31. Qxb7 Nf4+ 32. Kf3 Qxb7 33. Nxb7 Kg7 34. Rc6 f5 35. gxf5 Nf6 36. Rc7+ Kg8 37. Rc4 Kf7 38. Ke3 Rb8 39. Nxd6+ Ke7 40. Nc8+ Kd7 41. Na7 Rh8 42. Bf1 Rh1 43. Rc1 Ng4+ 44. Kd2 Nxf2 45. Re1 Rh2 46. Kc3 g4 47. Re3 Nd1+ 0-1

[Event "Graz op-A"]
[Site "Graz"]
[Date "2017.02.26"]
[Round "9"]
[White "Bubalovic, Davorin"]
[Black "Sredojevic, Ivan"]
[Result "0-1"]
[WhiteElo "2233"]
[BlackElo "2346"]
[PlyCount "72"]
[EventDate "2017.02.20"]
[EventType "swiss"]
[EventRounds "9"]
[EventCountry "AUT"]
[SourceTitle "CBM 177 Extra"]
[Source "ChessBase"]
[SourceDate "2017.04.27"]
[SourceVersion "1"]
[SourceVersionDate "2017.04.27"]
[SourceQuality "1"]

1. e4 c5 2. Nf3 d6 3. d4 cxd4 4. Qxd4 Bd7 5. Be3 Nc6 6. Qd2 Nf6 7. Nc3 a6 8. Bd3 e6 9. a4 Rc8 10. 0-0 Be7 11. h3 0-0 12. Ne2 Qc7 13. Bf4 b5 14. axb5 axb5 15. g4 Qb7 16. g5 Nh5 17. Be3 e5 18. Kg2 Be6 19. Ng3 Nf4+ 20. Bxf4 exf4 21. Qxf4 g6 22. Qe3 Qd7 23. Rh1 f6 24. Ra6 fxg5 25. Nxg5 Bxg5 26. Qxg5 Nb4 27. Ra3 Nxc2 28. Rc3 Qf7 29. f4 Ne3+ 30. Kf3 Nc4 31. Bxc4 bxc4 32. h4 Rc5 33. f5 d5 34. Ke2 dxe4 35. Nxe4 Rxf5 36. Qg3 Qb7 0-1

[Event "Graz op-A"]
[Site "Graz"]
[Date "2017.02.24"]
[Round "7"]
[White "Bubalovic, Davorin"]
[Black "Kvetny, Mark"]
[Result "0-1"]
[WhiteElo "2233"]
[BlackElo "2379"]
[PlyCount "70"]
[EventDate "2017.02.20"]
[EventType "swiss"]
[EventRounds "9"]
[EventCountry "AUT"]
[SourceTitle "CBM 177 Extra"]
[Source "ChessBase"]
[SourceDate "2017.04.27"]
[SourceVersion "1"]
[SourceVersionDate "2017.04.27"]
[SourceQuality "1"]

1. e4 c5 2. Nf3 d6 3. d4 cxd4 4. Nxd4 Nf6 5. Nc3 a6 6. h3 e5 7. Nde2 b5 8. g4 b4 9. Nd5 Nxd5 10. Qxd5 Ra7 11. Bg2 Be6 12. Qd1 Rd7 13. Ng3 g6 14. 0-0 h5 15. gxh5 gxh5 16. Qf3 Nc6 17. Be3 Qh4 18. Nf5 Bxf5 19. Qxf5 Bh6 20. a3 Bf4 21. Bxf4 exf4 22. Rad1 Ne7 23. Qa5 f3 24. Rd3 fxg2 25. Re1 bxa3 26. e5 d5 27. Qxa6 axb2 28. e6 fxe6 29. Qxe6 Qb4 30. Rb3 Qd6 31. Qe2 0-0 32. Rxb2 Ng6 33. Rb3 Rdf7 34. Qxh5 Rxf2 35. Rbb1 Rf1+ 0-1